| 000 | 01135nam a22002777a 4500 | ||
|---|---|---|---|
| 999 |
_c22178 _d22178 |
||
| 003 | AR-CdUCM | ||
| 008 | 190425b ||||| |||| 00| 0 spa d | ||
| 040 |
_aMUNICIPALIDAD PROVINCIAL DEL CUSCO _cBIBLIOTECA MUNICIPAL DEL CUSCO |
||
| 082 | _aOropesa/N°66/2008 | ||
| 245 |
_aOropesa : _brevista de cultura y educación de opinión y crítica / _cAmérico Valer Vargas, Director |
||
| 260 |
_aCusco. _bPantigozo, _c2008. |
||
| 300 |
_a18 páginas. : _bilustraciones ; _c30 cm. |
||
| 440 |
_aOropesa. _nAño XXVIII, N°LXVI, junio 2008. _947602 |
||
| 505 | _aContenido: Humedales y su importancia. -- Desarrollo sostenible para el Cusco. -- Año internacional de la papa. -- Donde se encuentra la laguna de Muyna. | ||
| 650 |
_aPolítica cusqueña _947381 |
||
| 650 |
_aCultura andina _947570 |
||
| 650 |
_aSociedad cusqueña _947493 |
||
| 650 |
_aSiglo XX _947561 |
||
| 700 |
_aCanal Astete, Washington _947571 |
||
| 700 |
_aSaloma González, Adolfo _947592 |
||
| 700 |
_aValer Vargas, Alejandro _947563 |
||
| 700 |
_aValenzuela Lovón, Armando _91192 |
||
| 700 |
_aRamos Condori, Fidel _932486 |
||
| 942 |
_2ddc _cPP |
||
| 945 | _arac | ||